県の花、木、鳥 - Statistics

General Stats
  • This quiz has been taken 169 times
  • The average score is 26 of 146
Answer Stats
Hint 都道府県 答え % Correct
東京都 イチョウ
55%
神奈川県 イチョウ
55%
大阪府 いちょう
55%
大阪府 うめ
54%
和歌山県 ウメ
54%
福岡県 うめ
54%
茨城県 ウメ
54%
奈良県 すぎ
52%
新潟県 チューリップ
51%
富山県 チューリップ
51%
青森県 リンゴの花
45%
福井県 マツ
45%
愛媛県 まつ
45%
新潟県 トキ
44%
北海道 タンチョウ
43%
富山県 ライチョウ
43%
長野県 らいちょう
43%
岐阜県 ライチョウ
43%
茨城県 バラ
42%
岡山県 ももの花
42%
長崎県 ヒノキ
42%
青森県 ハクチョウ
42%
島根県 ハクチョウ
42%
神奈川県 カモメ
41%
愛媛県 みかんの花
40%
岩手県 キジ
38%
岡山県 きじ
38%
長野県 しらかば
34%
山梨県 うぐいす
34%
福岡県 うぐいす
34%
宮城県 ケヤキ
33%
福島県 ケヤキ
33%
埼玉県 ケヤキ
33%
福島県 ケヤキ
33%
東京都 ソメイヨシノ
32%
広島県 モミジ
31%
滋賀県 紅葉
31%
広島県 モミジ
31%
長崎県 ツバキ
27%
青森県 ヒバ
26%
静岡県 つつじ
25%
福岡県 つつじ
25%
東京都 ユリカモメ
25%
北海道 ハマナス
23%
沖縄県 デイゴ
22%
岡山県 あかまつ
22%
山口県 アカマツ
22%
和歌山県 メジロ
22%
大分県 めじろ
22%
佐賀県 クスの花
20%
山形県 さくらんぼ
20%
佐賀県 クス
20%
千葉県 なのはな
19%
兵庫県 コウノトリ
19%
山梨県 かえで
16%
埼玉県 シラコバト
16%
石川県 イヌワシ
16%
山形県 べにばな
15%
福井県 スイセン
15%
愛知県 カキツバタ
15%
栃木県 トチノキ
15%
群馬県 くろまつ
15%
島根県 クロマツ
15%
山形県 オシドリ
15%
茨城県 ヒバリ
15%
鳥取県 オシドリ
15%
香川県 ホトトギス
15%
長崎県 オシドリ
15%
熊本県 ヒバリ
15%
滋賀県 石楠花
14%
島根県 ボタン
14%
神奈川県 ヤマユリ
12%
長野県 りんどう
12%
香川県 オリーブ
12%
熊本県 リンドウ
12%
北海道 エゾマツ
12%
香川県 オリーブ
12%
徳島県 しらさぎ
12%
佐賀県 カササギ
12%
埼玉県 サクラソウ
11%
大阪府 さくらそう
11%
山口県 夏みかんの花
11%
宮崎県 フェニックス
11%
岩手県 キリ
10%
兵庫県 クスノキ
10%
熊本県 クスノキ
10%
鹿児島県 クスノキ
10%
大阪府 もず
10%
奈良県 こまどり
10%
愛媛県 こまどり
10%
徳島県 すだちの花
9%
秋田県 秋田杉
9%
栃木県 オオルリ
9%
石川県 クロユリ
8%
宮城県 ガン
8%
秋田県 ヤマドリ
8%
群馬県 やまどり
8%
静岡県 さんこうちょう
8%
鹿児島県 ルリカケス
8%
沖縄県 ノグチゲラ
8%
滋賀県 かいつぶり
7%
高知県 ヤマモモ
6%
宮崎県 はまゆう
6%
和歌山県 ウバメガシ
6%
徳島県 やまもも
6%
宮城県 ミヤギノハギ
5%
福島県 ネモトシャクナゲ
5%
京都府 しだれ桜
5%
鳥取県 二十世紀梨の花
5%
秋田県 ふきのとう
4%
京都府 なでしこ
4%
大分県 豊後梅
4%
岩手県 ナンブアカマツ
4%
千葉県 マキ
4%
大分県 豊後梅
4%
長崎県 雲仙ツツジ
3%
鹿児島県 ミヤマキリシマ
3%
岐阜県 イチイ
3%
静岡県 もくせい
3%
千葉県 ホオジロ
3%
福井県 ツグミ
3%
愛知県 コノハズク
3%
栃木県 やしおつつじ
2%
群馬県 れんげつつじ
2%
山梨県 ふじざくら
2%
兵庫県 ノジギク
2%
奈良県 奈良八重桜
2%
富山県 立山杉
2%
石川県 あて
2%
愛知県 ハナノキ
2%
京都府 北山杉
2%
沖縄県 リュウキュウマツ
2%
京都府 オオミズナギドリ
2%
広島県 アビ
2%
高知県 ヤイロチョウ
2%
岐阜県 れんげ草
1%
三重県 ハナショウブ
1%
京都府 嵯峨ぎく
1%
新潟県 ユキツバキ
1%
三重県 シロチドリ
1%
山口県 ナベヅル
1%
宮崎県 コシジロヤマドリ
1%
三重県 神宮スギ
0%
鳥取県 ダイセンギャラボク
0%
高知県 ヤナセスギ
0%
鹿児島県 カイコウズ
0%
No matching quizzes found
Score Distribution
Percent of People with Each Score
Percentile by Number Answered
Your Score History
You have not taken this quiz